| Tag |
First Indicator |
Second Indicator |
Subfields |
| LEADER |
00000ccm a2200000 i 4500 |
| 001 |
in00005778972 |
| 005 |
20260429144724.4 |
| 008 |
240118t20242022dk zzle n zxx d |
| 040 |
|
|
|a TDF
|b eng
|e rda
|c TDF
|d OCLCQ
|d MYG
|d OCLCO
|d UPM
|d RES
|d OCLCL
|d OCLCO
|
| 035 |
|
|
|a (OCoLC)1420398812
|
| 041 |
0 |
|
|g eng
|
| 050 |
|
4 |
|a M585.B87
|b B58 2024
|
| 100 |
1 |
|
|a Burritt, Michael,
|e composer.
|1 https://id.oclc.org/worldcat/entity/E39PCjHjTDgT6PQjvCc8gqQwmd
|
| 240 |
1 |
0 |
|a Blue soul
|
| 245 |
1 |
0 |
|a Blue soul :
|b for percussion quintet /
|c Michael Burritt.
|
| 264 |
|
1 |
|a Copenhagen :
|b Edition Svitzer,
|c [2024]
|
| 264 |
|
4 |
|c ©2022
|
| 300 |
|
|
|a 1 score (46 pages) + 5 parts ;
|c 31 cm
|
| 336 |
|
|
|a notated music
|b ntm
|2 rdacontent
|
| 337 |
|
|
|a unmediated
|b n
|2 rdamedia
|
| 338 |
|
|
|a volume
|b nc
|2 rdacarrier
|
| 348 |
|
|
|a score
|2 rdafnm
|
| 348 |
|
|
|a part
|2 rdafnm
|
| 348 |
|
|
|c staff notation
|2 rdafmn
|
| 382 |
0 |
1 |
|a percussion ensemble
|e 1
|t 1
|2 lcmpt
|
| 500 |
|
|
|a With a preface and biographical notes.
|
| 500 |
|
|
|a Commissioned by Edition Svitzer in collaboration with Daniel Berg, the Royal College of Music in Stockholm, Sweden, and the Academy of Music and Drama in Gothenburg, Sweden.
|
| 500 |
|
|
|a In one movement. Of advanced difficulty.
|
| 500 |
|
|
|a Vibraphone 1. Vibraphone, glockenspiel, wooden plank, tom-tom, small. Vibraphone 2. Vibraphone, bass drum, tambourine, crotales. Marimba 1. Marimba, tom-tom. Marimba 2. Marimba, tom-tom, bamboo chimes. Percussion. Tam tam, bongos, 2 congas, susp. cymbal, kick drum with pedal, glockenspiel, xylophone, wooden plank, hi-hat, harmonica.
|
| 650 |
|
0 |
|a Percussion ensembles
|v Scores and parts.
|
| 650 |
|
6 |
|a Ensembles à percussion
|v Partitions et parties.
|
| 655 |
|
7 |
|a Scores.
|2 lcgft
|
| 655 |
|
7 |
|a Parts (Music)
|2 lcgft
|
| 655 |
|
7 |
|a Chamber music.
|2 lcgft
|
| 655 |
|
7 |
|a Partitions (Musique)
|2 rvmgf
|
| 655 |
|
7 |
|a Parties (Musique)
|2 rvmgf
|
| 655 |
|
7 |
|a Musique de chambre.
|2 rvmgf
|
| 700 |
1 |
|
|a Berg, Daniel,
|d 1971-
|e commissioning body.
|1 https://id.oclc.org/worldcat/entity/E39PBJtxfMrxRP4R3JGBh4W4bd
|
| 710 |
2 |
|
|a Edition Svitzer (Firm),
|e commissioning body.
|
| 710 |
2 |
|
|a Musikhögskolan i Stockholm,
|e commissioning body.
|1 https://id.oclc.org/worldcat/entity/E39QQPVp7WfQkHXDd9PVvWkBqF
|
| 710 |
2 |
|
|a Göteborgs universitet.
|b Högskolan för scen och musik,
|e commissioning body.
|
| 936 |
|
|
|a BATCHLOAD
|
| 938 |
|
|
|a Theodore Front Musical Literature
|b TFRT
|n TF535246
|
| 994 |
|
|
|a Z0
|b TXA
|
| 948 |
|
|
|h NO HOLDINGS IN TXA - 7 OTHER HOLDINGS
|
| 999 |
f |
f |
|i e1df9a1b-2fc1-4788-83c6-b7bae39c7efd
|s ef365d33-f178-42b6-b7aa-11d04bb68975
|t 0
|
| 952 |
f |
f |
|p normal
|a Texas A&M University
|b College Station
|c Sterling C. Evans Library
|s Evans stk
|d Evans: Library Stacks
|t 0
|e M585.B87 B58 2024
|h Library of Congress classification
|i unmediated -- volume
|m A14852427567
|
| 998 |
f |
f |
|a M585.B87 B58 2024
|t 0
|l Evans: Library Stacks
|